Jackpot! / directed by Paul Feig ; written by Rob Yescombe ; produced by Joe Roth, Jeff Kirschenbaum, Paul Feig, Laura Fischer. (Record no. 20777)

000 -LEADER
fixed length control field 01127nam a22002777a 4500
008 - FIXED-LENGTH DATA ELEMENTS--GENERAL INFORMATION
fixed length control field 250527b xxu||||| |||| 00| 0 eng d
040 ## - CATALOGING SOURCE
Original cataloging agency Cagayan State University
Description conventions RDA
082 ## - DEWEY DECIMAL CLASSIFICATION NUMBER
Classification number 791.4372
Item number J123 2024
245 ## - TITLE STATEMENT
Title Jackpot! / directed by Paul Feig ; written by Rob Yescombe ; produced by Joe Roth, Jeff Kirschenbaum, Paul Feig, Laura Fischer.
260 ## - PUBLICATION, DISTRIBUTION, ETC. (IMPRINT)
Place of publication, distribution, etc United States :
Name of publisher, distributor, etc Amazon MGM Studios,
Date of publication, distribution, etc 2024.
300 ## - PHYSICAL DESCRIPTION
Extent 1 videofile (ca. 106 mins.) :
Other physical details sound, color.
520 ## - SUMMARY, ETC.
Summary, etc In the near future, a 'Grand Lottery' has been newly established in California - the catch: kill the winner before sundown to legally claim their multi-billion dollar jackpot.
521 ## - TARGET AUDIENCE NOTE
Target audience note Rated R for pervasive language, violence, and sexual references.
546 ## - LANGUAGE NOTE
Language note English.
650 ## - SUBJECT ADDED ENTRY--TOPICAL TERM
Topical term or geographic name as entry element Action.
650 ## - SUBJECT ADDED ENTRY--TOPICAL TERM
Topical term or geographic name as entry element Comedy.
700 ## - ADDED ENTRY--PERSONAL NAME
Personal name Awkwafina, star.
700 ## - ADDED ENTRY--PERSONAL NAME
Personal name John Cena, star.
700 ## - ADDED ENTRY--PERSONAL NAME
Personal name Ayden Mayeri, star.
700 ## - ADDED ENTRY--PERSONAL NAME
Personal name Donald Elise Watkins, star.
700 ## - ADDED ENTRY--PERSONAL NAME
Personal name Sam Asghari, star.
700 ## - ADDED ENTRY--PERSONAL NAME
Personal name Simu Liu, star.
700 ## - ADDED ENTRY--PERSONAL NAME
Personal name John Schwartzman, cinematographer.
700 ## - ADDED ENTRY--PERSONAL NAME
Personal name Brent White, editor.
942 ## - ADDED ENTRY ELEMENTS (KOHA)
Source of classification or shelving scheme
Item type Audio-Visual Materials
Holdings
Source of acquisition Price effective from Permanent location Date last seen Not for loan Date acquired Source of classification or shelving scheme Koha item type Collection code Shelving location Damaged status Lost status Withdrawn status Current location Full call number
Donation2025-05-27Cagayan State University - Carig Library2025-05-27 2025-05-27 Audio-Visual MaterialsElectronic Media CenterElectronic Media Center   Cagayan State University - Carig Library791.4372 J123 2024

Cagayan State University University Library, Carig Campus
Tuguegarao City, Cagayan 3500 | www.csucarig.edu.ph

Powered by Koha